Muscles of upper limb - Nerve supply - Statistics

General Stats
  • This quiz has been taken 13 times
  • The average score is 4 of 6
Answer Stats
Question Answer % Correct
Deltoid m. Axillary n.
90%
Subscapularis m. Subscapular n.
80%
Teres minor Axillary n.
60%
Supraspinatus m. Suprascapular n.
60%
Infraspinatus m. Suprascapular n.
50%
Teres major Subscapular n.
40%
No matching quizzes found
Score Distribution
Percent of People with Each Score
Percentile by Number Answered
Your Score History
You have not taken this quiz